|
|
|
|
| LEADER |
00638cam a2200169 7i4500 |
| 001 |
0000029776 |
| 005 |
20130711090000.0 |
| 020 |
0 |
0 |
|a 32405
|
| 090 |
0 |
0 |
|a I 330.9
|b UNI
|
| 110 |
2 |
0 |
|a United Nations
|
| 245 |
2 |
0 |
|a The least develop countries report 2012 :
|b harnessing remittances and diaspora knowledge to build productive capacities.
|
| 260 |
0 |
0 |
|a New York:
|b United Nations,
|c 2012.
|
| 300 |
# |
# |
|a 162 p.
|
| 650 |
0 |
0 |
|a Develop countries --
|x Economic conditions
|
| 650 |
0 |
0 |
|a Develop countries --
|x Social conditions
|
| 710 |
2 |
1 |
|a United Nations Conference on Trade and Development
|
| 999 |
|
|
|a 0000032405
|b Book
|c International
|e Business Information Centre
|